UBT Library

MASTERING THE TEACHING ROLE (Record no. 59510)

000 -LEADER
fixed length control field 00325nam a22001457a 4500
008 - FIXED-LENGTH DATA ELEMENTS--GENERAL INFORMATION
fixed length control field 230406b ||||| |||| 00| 0 eng d
020 ## - INTERNATIONAL STANDARD BOOK NUMBER
International Standard Book Number 9780803618237
041 ## - LANGUAGE CODE
Language code of text/sound track or separate title eng
080 ## - UNIVERSAL DECIMAL CLASSIFICATION NUMBER
Universal Decimal Classification number 610.73
082 ## - DEWEY DECIMAL CLASSIFICATION NUMBER
Classification number 610.73PEN
100 ## - Rafti
Rafti 8
101 ## - Shkurtesa
Shkurtesa INFER
245 ## - TITLE STATEMENT
Title MASTERING THE TEACHING ROLE
Statement of responsibility, etc PENN.K.B
942 ## - ADDED ENTRY ELEMENTS (KOHA)
Source of classification or shelving scheme
Item type Books
Holdings
Withdrawn status Lost status Source of classification or shelving scheme Damaged status Not for loan Collection code Permanent location Current location Date acquired Total Checkouts Full call number Barcode Date last seen Price effective from Koha item type
          Koleksioni i përgjithshem UBT - Lipjan UBT - Lipjan 04/06/2023   610.73PEN 002-8000502 04/06/2023 04/06/2023 Books
UBT Library © 2015-2024. All rights reserved University Education for Business and Technology